| 000 | 00442nam a2200181Ia 4500 | ||
|---|---|---|---|
| 008 | 220531s9999 xx 000 0 und d | ||
| 041 | _aeng | ||
| 082 |
_a- _bDHU |
||
| 100 |
_aDhumal, K. N. &. Others _958010 |
||
| 245 | _aFundamentals Of Plant Physiology | ||
| 250 | _a1ST | ||
| 260 |
_aPune _bNirali _c2012 |
||
| 300 | _a10-Dec | ||
| 542 | _d22-06-2013 | ||
| 650 |
_aBotony _958011 |
||
| 906 | _d2013-2014 | ||
| 999 |
_c33290 _d33290 |
||